00890nam a2200229 a 4500001001000000003000500010005001700015008004100032010001100073011001100084040000900095100003700104245017000141260004100311500006000352502008200412650002400494650002200518650002000540650003000560856007000590000113521CHAP20220329144359.0170728s2017 mx a fsm |||||||spa d a109982 a110954 cCHAP1 aRojas Bautista, Gloria Alejandra10aAnálisis multitemporal del cambio del uso y manejo de suelo en la cuenca Tiltepec, región mixteca de Oaxaca /h[En línea]cpor Gloria Alejandra Rojas Bautista. aChapingo, Méx. :bEl autor,c2017. aPara ver el contenido del material haga clic en la liga aTesis (Ing. en Recursos Naturales Renovables) -- UACH. Departamento de Suelos14aEcología vegetal.14aSensores remotos.14aSuelosxManejo.14aUso de la tierrazOaxaca. aFinding aiduhttp://10.13.5.2/tesis/sist113521.pdfzTeclea aquí